Diccionario ilustrado Vox latino-español español-latino

Saved in:
Bibliografiske detaljer
Format: Bog
Sprog:spansk
Udgivet: Barcelona Biblograf 1995
Udgivelse:20a. ed
Fag:
Tags: Tilføj Tag
Ingen Tags, Vær først til at tagge denne postø!

MARC

LEADER 00000nam a2200000 a 4500
001 UCQ7753
003 CL-VaPUC
008 981113e19950000SP |||||||||||||||||spa|d
082 0 4 |a 473.61  |b DIC  |2 21 
245 1 0 |a Diccionario ilustrado Vox latino-español español-latino 
250 |a 20a. ed 
300 |a 715 p 
942 |c BK 
945 |d 19981113 00:00:00  |a aarredon 
260 |a Barcelona  |b Biblograf  |c 1995 
650 7 |a DICCIONARIO  |2 CL-VaPUC  |9 421556 
650 0 |a Latín   |9 269544 
650 0 |a Español  |9 255372 
583 |a last modification  |c 19981113 00:00:00  |k Rodrigo Vera 
999 |c 277208  |d 277206 
952 |0 0  |1 0  |4 0  |6 473_610000000000000_DIC_1995  |7 0  |8 F  |9 315030  |a BIBTEO  |b BIBTEO  |d 2019-11-20  |i 2025302  |o 473.61 DIC 1995  |p 2025302  |r 2025-01-17  |w 2019-11-20  |y BK_F  |k ICR